000 00476cam a2200181ua 4500
020 _a0-12-774560-2
041 _aeng
_h
082 _a028.71006
_bYOU/HA
100 _aYoung, Tzay Y .
245 0 0 _aHandbook of pattern recognition and image processing /
_cTzay Y Young.
_hTextual Documents
250 _a1 /
_b.
260 _aNew York :
_bAcademic Press ,
_c1986.
300 _a706 ; .
504 _a
700 1 _aFu, Kind-Sinn .
942 _cBK
999 _c8997
_d8997